000 00948nam a2200289 a 4500
001 000011729
003 DO-SdBNP
005 20250227073849.0
007 ta
008 091027s1996 dr r 000 0 spa d
040 _aDO-SdBNP
_bspa
_cBNPHU
_erda
082 4 _aRD863.44
_bA347c, 1996
_222
100 1 _aAlcántara Almánzar, José
_d1946-
_eautor
_4aut.
_97018
245 1 3 _aLa carne estremecida /
_cJosé Alcántara Almánzar.
250 _atercera edición
264 4 _aSanto Domingo :
_bEditora Fundación Cultural Dominicana,
_c1996.
300 _a154 páginas ;
_c20 cm.
336 _atexto
_btxt
_2rdacontent
337 _asin mediación
_bn
_2rdamedia
338 _avolumen
_bnc
_2rdacarrier
586 _aPremio Nacional de cuento 1989-1990
590 _aInventariado, 2019 / BT
650 4 _aCuentos dominicanos
_9176
650 4 _aLiteratura dominicana.
_967
910 _aValidado. Control de calidad. MMOLINA
942 _2ddc
_cLBS1
999 _c11404
_d11404